Revisiting The Educational Heritage Of India (Record no. 183759)

MARC details
000 -LEADER
fixed length control field 00574nam a22001817a 4500
005 - DATE AND TIME OF LATEST TRANSACTION
control field 20220104120055.0
010 ## - LCCN (DPL NO)
LC control number ENG-130895
020 ## - INTERNATIONAL STANDARD BOOK NUMBER
International Standard Book Number 978-93-90961-08-5
Terms of availability 695.00
035 ## - SYSTEM CONTROL NUMBER
System control number EN-114427
037 ## - SOURCE OF ACQUISITION
Source of stock number/acquisition DBAD
082 ## - DEWEY DECIMAL CLASSIFICATION NUMBER
Classification number 307.10954
100 ## - MAIN ENTRY--PERSONAL NAME
Personal name Singh, Sahana
245 ## - TITLE STATEMENT
Title Revisiting The Educational Heritage Of India
Statement of responsibility, etc SAHANA SINGH
260 ## - PUBLICATION, DISTRIBUTION, ETC. (IMPRINT)
Place of publication, distribution, etc New Delhi
Name of publisher, distributor, etc Renu Kaul Verma
Date of publication, distribution, etc 2022
270 ## - ADDRESS
City New Delhi
Postal code 110002
Address 2/15, Ansari Road, Daryaganj
Electronic mail address info@vitastapublishing.com
300 ## - PHYSICAL DESCRIPTION
Extent xxiii, 282p
Dimensions 22cm(hbk)
942 ## - ADDED ENTRY ELEMENTS (KOHA)
Source of classification or shelving scheme Dewey Decimal Classification
Item type English Books
Classification part 307.10954
Call number suffix SAH
Holdings
Withdrawn status Lost status Not for loan Collection code Home library Current library Date acquired Source of acquisition Cost, normal purchase price Full call number Barcode Copy number Cost, replacement price Koha item type
      Non-fiction Mobile Library Mobile Library 04/01/2022 DBAD/PUB 695.00 307.10954 SAH EN-114427 1 695.00 English Books

© Delhi Public Library
Hit Counter
free hit counter